Logické systémy : Díl 1. Kombinační logické obvody. Úvod do sekvenčních obvodů

Saved in:
Bibliographic Details
Main Authors: Perrin, J. P. (Author), Denouette, M. (Author), Daclin, E. (Author)
Format: Book
Language:Czech
Published: Praha : SNTL, 1972
Edition:1. vyd.
Subjects:
Tags: Add Tag
No Tags, Be the first to tag this record!

MARC

LEADER 00000nam a22000003a 4500
001 stu53360
005 20150617225703.1
008 000427s1972----cs------------------cze-d
040 |a STU  |b slo 
041 0 |a cze 
044 |a cs 
080 |a 621.374.32  |7 stu_us_auth*stu7886 
100 1 |a Perrin, J. P.  |4 aut 
245 1 |a Logické systémy :  |b Díl 1. Kombinační logické obvody. Úvod do sekvenčních obvodů 
250 |a 1. vyd. 
260 |a Praha :  |b SNTL,  |c 1972 
300 |a 366 s 
650 7 |a logické systémy  |2 stusub 
700 1 |a Denouette, M.  |4 aut 
700 1 |a Daclin, E.  |4 aut 
996 |b 284J016023  |c J*28990  |l JJSK  |s A  |a 24  |w stu53360_0001 
996 |b 284J016024  |c J*28991  |l JJSK  |s A  |a 24  |w stu53360_0002 
996 |b 284J016025  |c J*28992  |l JJSK  |s A  |a 24  |w stu53360_0003 
996 |b 284J016022  |c J*28989  |l JJSK  |s A  |a 24  |w stu53360_0004 
996 |b 284EK04291  |c E*28544  |l EE0101  |s P  |a 0  |w stu53360_0005 
996 |b 284EK04292  |c E*28655  |l EE01  |s A  |a 24  |w stu53360_0006